Manushya yuddhada bannagalu (Record no. 138417)

MARC details
000 -LEADER
fixed length control field 00612nam a2200205Ia 4500
003 - CONTROL NUMBER IDENTIFIER
control field OSt
005 - DATE AND TIME OF LATEST TRANSACTION
control field 20251117123713.0
008 - FIXED-LENGTH DATA ELEMENTS--GENERAL INFORMATION
fixed length control field 210210b2008 xxu||||| |||| 00| 0 eng d
040 ## - CATALOGING SOURCE
Transcribing agency AL
041 ## - LANGUAGE CODE
Language code of text/sound track or separate title Kannada
082 ## - DEWEY DECIMAL CLASSIFICATION NUMBER
Classification number K894.1 MANM
100 ## - MAIN ENTRY--PERSONAL NAME
Personal name MANJUNATHA (S)
Dates associated with a name ಮಂಜುನಾಥ (ಎಸ್)
9 (RLIN) 245950
245 ## - TITLE STATEMENT
Title Manushya yuddhada bannagalu
Remainder of title ಮನುಷ್ಯ ಯುದ್ಧದ ಬಣ್ಣಗಳು
260 ## - PUBLICATION, DISTRIBUTION, ETC.
Place of publication, distribution, etc. Bangaluru
Name of publisher, distributor, etc. Not Mentioned
Date of publication, distribution, etc. 2008
300 ## - PHYSICAL DESCRIPTION
Extent xix-79
650 ## - SUBJECT ADDED ENTRY--TOPICAL TERM
Topical term or geographic name entry element ಕವಿತೆಗಳು
9 (RLIN) 245951
690 ## - LOCAL SUBJECT ADDED ENTRY--TOPICAL TERM (OCLC, RLIN)
Topical term or geographic name as entry element Kannada Poetry
9 (RLIN) 245952
906 ## - LOCAL DATA ELEMENT F, LDF (RLIN)
a 063577
942 ## - ADDED ENTRY ELEMENTS (KOHA)
Source of classification or shelving scheme Dewey Decimal Classification
Koha item type Book
Holdings
Withdrawn status Lost status Source of classification or shelving scheme Damaged status Not for loan Collection code Home library Current library Shelving location Date acquired Cost, normal purchase price Total Checkouts Full call number Barcode Date last seen Price effective from Koha item type
    Dewey Decimal Classification     Kannada St Aloysius Library St Aloysius Library   02/17/2021 50.00   K894.1 MANM 063577 02/17/2021 02/17/2021 Book